00817nam a2200181 a 450000100100000000500170001000800410002704000250006808200160009310000340010924500840014326000830022730000280031070000590033804900090039795202120040699900170061800003224120240304143926.0091014s1935 dr a 000 f spa d aDO-SdBNPbspacBNPHU axxxxbM839r1 aMorel, Tomás,d1912-92658110aRosa Elena :bnovela /cTomás Morel ; introducción de Pedro M. Archambault. aSantiago de los Caballeros, República Dominicana :bImprenta Tavares,c1935. a142 p. :bil. ;c20 cm.1 aArchambault, Pedro M.,q(Pedro María)epról.92398 aBNPD 001050718RVaPDbPDcCTd2011-07-13iLF1l0oxxxx M839rp32241-10r2020-06-25w2020-06-25y1zPerteneció a la biblioteca personal de Federico Henríquez y Carvajal. Dedicado por el autor.ZNo se presta c31732d31732